[Event "Challenge"]
[Site "http://www.queenalice.com/game.php?id=1165526"]
[Date "2013.3.28"]
[Round "-"]
[White "BAMATOS"]
[Black "professoralesson"]
[Result "0-1"]
[WhiteElo "1131"]
[BlackElo "1652"]

1. e4 e5 2. Nf3 Bd6 3. d3 h6 4. d4 exd4 5. Nxd4 c5 6. Nb5 Be5 7. Qd5 f6 8. Qxc5
Na6 9. Qc4 Qb6 10. N1c3 Ne7 11. Na4 Qa5+ 12. c3 Nb8 13. Qc5 Qxa4 14. Nc7+ Bxc7
15. Qxc7 Qxe4+ 16. Be2 Qxg2 17. Rf1 Na6 18. Qd6 Nf5 19. Bh5+ Kd8 20. Qf4 g6 21.
Bf3 Qg5 22. Qa4 Re8+ 23. Be4 Nc5 24. Qc4 Rxe4+ 25. Qxe4 Nxe4 26. Bxg5 Nxg5 27.
Rd1 Nf3+ 28. Ke2 Nxh2 29. Rg1 g5 30. Rd5 Ne7 31. Rf5 Nxf5 32. b4 b6 33. a4 Ba6+
34. b5 Bb7 35. Kd3 Kc7 36. c4 Re8 37. Rc1 Be4+ 38. Kc3 Ng4 39. Re1 Nd6 40. f3
Bxf3 0-1

[Event "Challenge"]
[Site "http://www.queenalice.com/game.php?id=1165701"]
[Date "2013.3.28"]
[Round "-"]
[White "BAMATOS"]
[Black "aurelianobuendia"]
[Result "1-0"]
[WhiteElo "1127"]
[BlackElo "1245"]

1. e4 d5 2. exd5 Qxd5 3. Nc3 Qd4 4. Nf3 Qd6 5. Nb5 Qc5 6. c3 Bd7 7. d4 Qd5 8.
Nxc7+ Kd8 9. Nxd5 Bg4 10. h3 Bxf3 11. gxf3 e6 12. Nf4 Nf6 13. d5 e5 14. Nd3 Bd6
15. Bg5 Nd7 16. c4 Rc8 17. Qb3 b6 18. Qa4 Rc7 19. b4 Ke8 20. h4 Nh5 21. Bh3 f6
22. Be3 Rf8 23. Bg4 g6 24. Bh6 Rf7 25. Rc1 Re7 26. c5 bxc5 27. bxc5 Nf4 28. cxd6
Nxd3+ 29. Kd2 Rxc1 30. dxe7 Rxh1 31. Qxd7+ Kf7 32. e8=Q# 1-0

[Event "Challenge"]
[Site "http://www.queenalice.com/game.php?id=1166186"]
[Date "2013.3.30"]
[Round "-"]
[White "BAMATOS"]
[Black "lusobrpe"]
[Result "1-0"]
[WhiteElo "1186"]
[BlackElo "1655"]

1. e4 e5 2. Nf3 Nc6 3. a4 d5 4. exd5 Qxd5 5. Nc3 Qc4 6. Bxc4 Bg4 7. h3 Bxf3 8.
Qxf3 Nh6 9. g4 Nd4 10. Qd1 g5 11. Nd5 O-O-O 12. c3 Ne6 13. Qb3 c6 14. Nf6 Nf4
15. h4 Ng2+ 16. Kf1 Nxh4 17. d4 exd4 18. Bxg5 Nf3 19. Ne4 dxc3 20. Bxd8 Kxd8 21.
Qxc3 Ne1 22. Qxh8 Ke8 23. Rxe1 Nxg4 24. Nf6+ Kd8 25. Nxg4 Kc7 26. Qxf8 Kb6 27.
Re5 a5 28. Qc5+ Kc7 29. Nf6 b6 30. Re7+ Kd8 31. Qd6+ Kc8 32. Qc7# 1-0

[Event "Challenge"]
[Site "http://www.queenalice.com/game.php?id=1166192"]
[Date "2013.3.30"]
[Round "-"]
[White "BAMATOS"]
[Black "Lintz"]
[Result "0-1"]
[WhiteElo "1232"]
[BlackElo "1793"]

1. e4 e5 2. Qf3 b6 3. Bc4 Nf6 4. d3 Be7 5. Bg5 c6 6. Ne2 a5 7. O-O b5 8. Bb3 a4
9. Bxf7+ Kxf7 10. Ng3 d6 11. c4 bxc4 12. dxc4 Be6 13. Nh5 Bg4 14. Qe3 Bxh5 15.
h3 h6 16. Bh4 Bg6 17. g4 Nxe4 18. Bg3 Nf6 19. Rd1 Qc7 20. Nc3 Nbd7 21. Kg2 Nc5
22. b4 axb3 23. axb3 Nce4 24. Nxe4 Nxe4 25. Rac1 Nxg3 26. Qxg3 Rhf8 27. Rd3 Bxd3
28. Qxd3 Bf6 29. Qf3 Kg8 30. b4 Qf7 31. Qxc6 Bh4 32. Rd1 Qxf2+ 33. Kh1 Ra2 34.
Qd5+ Kh8 35. c5 Qh2# 0-1

[Event "Challenge"]
[Site "http://www.queenalice.com/game.php?id=1166193"]
[Date "2013.3.30"]
[Round "-"]
[White "Lintz"]
[Black "BAMATOS"]
[Result "1-0"]
[WhiteElo "1811"]
[BlackElo "1154"]

1. e4 e5 2. Nf3 f6 3. d4 d6 4. h3 c5 5. dxc5 dxc5 6. Qxd8+ Kxd8 7. g4 Be7 8. Nc3
Nc6 9. b3 Nb4 10. Bd3 Bd7 11. a3 Nc6 12. Bb2 h5 13. gxh5 Rxh5 14. Be2 Bxh3 15.
Ng1 Rh4 16. Rxh3 Rxh3 17. Nxh3 Nd4 18. O-O-O Rc8 19. f4 Ke8 20. f5 b5 21. Bxb5+
Kf8 22. Ba6 Rc6 23. Bc4 Nh6 24. Nf2 a6 25. a4 Nf3 26. Nd5 Rd6 27. Nxe7 Kxe7 28.
Rxd6 1-0

[Event "Challenge"]
[Site "http://www.queenalice.com/game.php?id=1166746"]
[Date "2013.3.31"]
[Round "-"]
[White "BAMATOS"]
[Black "wmalone"]
[Result "0-1"]
[WhiteElo "1129"]
[BlackElo "1894"]

1. e4 c5 2. b3 Nc6 3. Bc4 d6 4. Bb5 Nf6 5. Nf3 Nxe4 6. Qe2 Nf6 7. Nc3 Bg4 8. h3
Bh5 9. g4 Bg6 10. Ng5 e6 11. f4 Bxc2 12. f5 e5 13. d3 Bxd3 14. Qxd3 Be7 15. Be3
O-O 16. Bc4 Nb4 17. Qe2 d5 18. Rd1 Qa5 19. a3 Qxa3 0-1

[Event "Challenge"]
[Site "http://www.queenalice.com/game.php?id=1166755"]
[Date "2013.3.31"]
[Round "-"]
[White "Alanvini"]
[Black "BAMATOS"]
[Result "1-0"]
[WhiteElo "1403"]
[BlackElo "1240"]

1. d4 d5 2. Nc3 Nc6 3. e4 Nxd4 4. Qxd4 dxe4 5. Qxd8+ Kxd8 6. Bf4 Nf6 7. Nb5 Nd5
8. O-O-O c6 9. Nc7 Rb8 10. c4 Bg4 11. f3 g5 12. Be5 f6 13. Bg3 e5 14. Nxd5 cxd5
15. fxg4 d4 16. Ne2 Rc8 17. Nc3 e3 18. Bd3 Bb4 19. h4 h5 20. hxg5 dxc3 21. Bf5+
Kc7 22. Bxc8 e2 23. Rd7+ Kxc8 24. Rxh5 Kxd7 25. Rxh8 fxg5 26. Kc2 a5 27. bxc3
Bc5 28. a4 e4 29. Be1 Bg1 30. Kd2 e3+ 31. Kxe2 Kd6 32. Rh5 Kc5 33. Rxg5+ Kxc4
34. Rxa5 Kb3 35. g5 b6 36. Rb5+ Kxa4 37. Rxb6 Bf2 38. g6 Ka5 39. Rb1 Ka4 40. g7
Ka3 41. g8=Q Bg1 42. Qb3# 1-0

[Event "Challenge"]
[Site "http://www.queenalice.com/game.php?id=1167059"]
[Date "2013.4.1"]
[Round "-"]
[White "pride"]
[Black "BAMATOS"]
[Result "1-0"]
[WhiteElo "1494"]
[BlackElo "1188"]

1. e4 e5 2. Qf3 g5 3. d3 Nc6 4. Nh3 Nd4 5. Qd1 Qf6 6. Bxg5 Qg6 7. c3 Nb5 8. Qb3
h6 9. Be3 c6 10. Nd2 d5 11. c4 Nd6 12. cxd5 1-0

[Event "Challenge"]
[Site "http://www.queenalice.com/game.php?id=1167061"]
[Date "2013.4.1"]
[Round "-"]
[White "BAMATOS"]
[Black "tewald"]
[Result "0-1"]
[WhiteElo "1131"]
[BlackElo "1854"]

1. e4 e6 2. Qf3 c5 3. c4 Nc6 4. Nc3 Nd4 5. Qh5 Nc2+ 6. Ke2 Nxa1 7. d3 Nc2 8. Bg5
Nd4+ 9. Ke3 Nf6 10. Qh4 Be7 11. Qf4 Nd5+ 12. cxd5 Bxg5 13. Qxg5 Qxg5+ 14. f4
Nc2+ 15. Kd2 Qxf4+ 16. Kxc2 Qxf1 17. Nb5 O-O 18. Nc7 Qxg2+ 19. Kc3 Rb8 20. Nb5
Qxh1 21. Nxa7 Qxg1 22. d6 Qd4+ 23. Kd2 Ra8 0-1

[Event "Challenge"]
[Site "http://www.queenalice.com/game.php?id=1167187"]
[Date "2013.4.1"]
[Round "-"]
[White "BAMATOS"]
[Black "charles31"]
[Result "0-1"]
[WhiteElo "1234"]
[BlackElo "1674"]

1. d4 d5 2. e3 Nf6 3. a4 a6 4. Nc3 Nc6 5. Nf3 Bg4 6. h3 Bf5 7. Be2 h6 8. O-O Qd6
9. b3 e6 10. Ba3 Nb4 11. g4 Bh7 12. g5 hxg5 13. Nxg5 Bg6 14. Na2 Bxc2 15. Qc1
Qb6 16. Bxb4 Bxb3 17. Nc3 Bxb4 18. Qb2 Bc4 19. Qd2 a5 20. Rfb1 Qd6 21. Qc1 Nh5
22. Bxh5 Rxh5 23. f4 f6 24. Qd1 Rh6 25. Qg4 fxg5 26. Qxg5 Qe7 27. Rc1 Rxh3 28.
Qg4 Rxe3 29. Nd1 Re1+ 30. Kf2 O-O-O 31. Ne3 Re2+ 32. Kg1 Rxe3 33. f5 exf5 34.
Qxf5+ Kb8 35. Kf2 Re2+ 36. Kg3 Rf8 37. Qg4 Qe3+ 38. Kh4 Rh8+ 0-1

[Event "Challenge"]
[Site "http://www.queenalice.com/game.php?id=1167188"]
[Date "2013.4.1"]
[Round "-"]
[White "charles31"]
[Black "BAMATOS"]
[Result "1-0"]
[WhiteElo "1672"]
[BlackElo "1236"]

1. e4 d5 2. exd5 Qxd5 3. Nc3 Qd8 4. d4 e6 5. Bb5+ c6 6. Ba4 b5 7. Bb3 Na6 8. a3
Nf6 9. Bg5 h6 10. Bh4 g5 11. Bg3 b4 12. Nce2 Ne4 13. Nf3 g4 14. Bh4 f6 15. Nd2
Nd6 16. h3 Nf5 17. hxg4 Ng7 18. f3 h5 19. gxh5 Rxh5 20. Nf4 Rh6 21. g3 Nf5 22.
Ne4 Ne3 23. Qe2 Qxd4 24. Rb1 bxa3 25. bxa3 Bxa3 26. c3 Qb6 27. Nxf6+ Kf7 28.
Bxe6+ Bxe6 29. Rxb6 axb6 30. Qxe3 Ke7 31. Qxe6+ Kd8 32. Qd7# 1-0

[Event "Challenge"]
[Site "http://www.queenalice.com/game.php?id=1167214"]
[Date "2013.4.1"]
[Round "-"]
[White "JamesBrown"]
[Black "BAMATOS"]
[Result "1-0"]
[WhiteElo "1080"]
[BlackElo "1234"]

1. e4 d5 2. d3 d4 3. Nf3 Bg4 4. Be2 h5 5. h3 Be6 6. Ng5 f6 7. Nxe6 Qd6 8. Nxf8
Kxf8 9. Na3 f5 10. Nb5 Qc5 11. a4 a6 12. b4 Qxb4+ 13. c3 dxc3 14. Nxc7 Ra7 15.
Ne6+ Kf7 16. Nd8+ Ke8 17. Ne6 Rh6 18. Nxg7+ Kf7 19. Nxf5 Rc6 20. Bxh5+ Ke6 21.
Qg4 c2+ 22. Bd2 c1=Q+ 23. Rxc1 Qb3 24. Nd4+ Kd6 25. Nxb3 Nf6 26. Bf4+ e5 27. Qg6
exf4 28. Qxf6+ Kd7 29. Nc5+ Kc7 30. Qxf4+ Kc8 31. Qf8+ Kc7 32. Ne6+ Kb6 33. Qxb8
Rxc1+ 34. Ke2 Rxh1 35. Qd8+ Kc6 36. Qd5+ Kb6 37. a5# 1-0

[Event "Challenge"]
[Site "http://www.queenalice.com/game.php?id=1167215"]
[Date "2013.4.1"]
[Round "-"]
[White "kisarsk"]
[Black "BAMATOS"]
[Result "1-0"]
[WhiteElo "1640"]
[BlackElo "1166"]

1. d4 d5 2. Bf4 Nc6 3. c3 f6 4. e3 h5 5. Be2 e5 6. dxe5 fxe5 7. Bxh5+ Ke7 8.
Bg5+ Nf6 9. Qf3 e4 10. Qe2 Ke6 11. Bg6 Ne5 12. Nd2 Nxg6 13. Nh3 Be7 14. c4 1-0

[Event "Challenge"]
[Site "http://www.queenalice.com/game.php?id=1167847"]
[Date "2013.4.3"]
[Round "-"]
[White "wmalone"]
[Black "BAMATOS"]
[Result "1-0"]
[WhiteElo "1896"]
[BlackElo "1232"]

1. d4 d5 2. c4 dxc4 3. e4 e6 4. Bxc4 Nc6 5. Nf3 e5 6. d5 Na5 7. Qa4+ Qd7 8. Qxa5
b6 9. Qd2 Qa4 10. Bb3 Bb4 11. Nc3 Qa5 12. O-O g6 13. Nxe5 Nf6 14. Nc6 Qc5 15.
Nxb4 Qxb4 16. Qf4 O-O 17. Qxf6 Ba6 18. Bh6 Qd6 19. Qg7# 1-0

[Event "Challenge"]
[Site "http://www.queenalice.com/game.php?id=1168068"]
[Date "2013.4.4"]
[Round "-"]
[White "JamesBrown"]
[Black "BAMATOS"]
[Result "1-0"]
[WhiteElo "1129"]
[BlackElo "1178"]

1. e4 e5 2. c3 Bd6 3. Bc4 Nf6 4. d4 Nxe4 5. dxe5 Bxe5 6. Qd5 Nd6 7. Qxe5+ Qe7 8.
f4 Nxc4 9. Qe2 d6 10. b3 Na5 11. Nh3 Bg4 12. Qe3 Be6 13. O-O O-O 14. Ng5 Qf6 15.
Nxe6 fxe6 16. Re1 Nd7 17. Qxe6+ Rf7 18. Qxf6 Rxf6 19. Re7 Nc5 20. b4 Kf8 21.
Rxc7 Nd3 22. Be3 1-0

[Event "Challenge"]
[Site "http://www.queenalice.com/game.php?id=1168401"]
[Date "2013.4.5"]
[Round "-"]
[White "nuage"]
[Black "BAMATOS"]
[Result "1-0"]
[WhiteElo "1508"]
[BlackElo "1206"]

1. Nf3 d5 2. d3 e5 3. Nxe5 Nd7 4. Nf3 Bd6 5. g3 Ngf6 6. Bg2 Nc5 7. O-O Bf5 8.
Bg5 O-O 9. Nd4 Qe8 10. Bxf6 gxf6 11. Nxf5 Qe5 12. e4 dxe4 13. d4 1-0

[Event "Challenge"]
[Site "http://www.queenalice.com/game.php?id=1168407"]
[Date "2013.4.5"]
[Round "-"]
[White "BAMATOS"]
[Black "kuntakinte"]
[Result "0-1"]
[WhiteElo "1160"]
[BlackElo "1708"]

1. e4 e5 2. Nf3 d6 3. Nc3 a6 4. Qe2 Nf6 5. Nd5 c6 6. Nb4 Nbd7 7. Ng5 Qb6 8. Qc4
d5 9. exd5 cxd5 10. Nxd5 Nxd5 11. Qxd5 Qf6 12. d4 h6 13. Ne4 Qf5 14. Bd3 Qe6 15.
Qa5 exd4 16. O-O Be7 17. g3 O-O 18. Re1 Qc6 0-1